000 00615nam a2200229Ia 4500
003 OSt
005 20220928102438.0
006 a|||||r|||| 00| 0
007 ta
008 220927b |||||||| |||| 00| 0 eng d
024 _a48465
037 _cTextual
040 _aSDCL
_cSDCL
_beng
041 _2eng
_aeng
082 _aR3xC57:g, L9
100 _aWoozley A D
_9398336
245 0 _aLaw and obidience
_b the arguments of Plato's crito.
260 _aLondon
_bDuckwarth
_c1979
300 _a160p
_ccm.
942 _hR3xC57:g, L9
_cTEXL
_2CC
999 _c714186
_d714186